[Event "ESP-Tch"]
[Site "Cala Galdana ESP"]
[Date "1994.??.??"]
[Round "?"]
[White "Spraggett, Kevin"]
[Black "Morovic Fernandez, Ivan"]
[Result "1-0"]
[WhiteElo "2550"]
[BlackElo "2605"]
[PlyCount "83"]
[EventDate "1994.??.??"]
[EventType "team"]
[EventRounds "9"]
[EventCountry "ESP"]

1. c4 Nf6 2. Nc3 e5 3. Nf3 Nc6 4. g3 Bb4 5. Bg2 O-O 6. O-O e4 7. Ne1 Bxc3 8.
dxc3 h6 9. Nc2 Re8 10. Ne3 d6 11. Qc2 Re5 12. f4 exf3 13. exf3 Re8 14. Bd2 Be6
15. f4 Ng4 16. Nd5 Ne7 17. h3 Bxd5 18. cxd5 Nf6 19. c4 Qd7 20. Rae1 Nf5 21. Qd3
h5 22. Rxe8+ Rxe8 23. Re1 h4 24. Rxe8+ Nxe8 25. g4 Ng3 26. f5 Nf6 27. Bg5 Qe8
28. Qe3 Qxe3+ 29. Bxe3 a5 30. Kf2 g5 31. Ke1 Nfe4 32. Bxe4 Nxe4 33. Ke2 f6 34.
Kd3 Nc5+ 35. Bxc5 dxc5 36. Kc3 Kf7 37. Kb3 Ke7 38. Ka4 b6 39. Kb5 Kd6 40. b3
Kd7 41. Ka6 Kd6 42. Kb7 1-0

[Event "ESP-Tch"]
[Site "Cala Galdana ESP"]
[Date "1994.??.??"]
[Round "?"]
[White "Spraggett, Kevin"]
[Black "Suba, Mihai"]
[Result "1-0"]
[WhiteElo "2550"]
[BlackElo "2525"]
[PlyCount "69"]
[EventDate "1994.??.??"]
[EventType "team"]
[EventRounds "9"]
[EventCountry "ESP"]

1. e4 c5 2. Nf3 d6 3. d4 Nf6 4. Nc3 cxd4 5. Nxd4 e6 6. g4 h6 7. Bg2 Nc6 8. h3
Bd7 9. Nb3 Qc7 10. f4 Rc8 11. Qe2 a6 12. Be3 Be7 13. Qf2 b5 14. O-O-O g5 15. e5
dxe5 16. fxe5 Qxe5 17. Kb1 O-O 18. Rhf1 Be8 19. Bxc6 Bxc6 20. Bd4 Qf4 21. Qe2
Qc7 22. Be5 Qb6 23. Bxf6 Bxf6 24. Rxf6 b4 25. Ne4 Kg7 26. Nbc5 Rcd8 27. Rff1
Bb5 28. Nd3 f5 29. Ng3 Rd5 30. Rfe1 Re8 31. Nh5+ Kf7 32. Ne5+ Kf8 33. Ng6+ Kf7
34. Rxd5 exd5 35. Qe7+ 1-0

[Event "Ibercaja op"]
[Site "Zaragoza ESP"]
[Date "1994.??.??"]
[Round "3"]
[White "Spraggett, Kevin"]
[Black "Danailov, Silvio"]
[Result "1-0"]
[WhiteElo "2550"]
[BlackElo "2440"]
[PlyCount "73"]
[EventDate "1994.??.??"]
[EventType "swiss"]
[EventRounds "9"]
[EventCountry "ESP"]

1. e4 c5 2. Nf3 d6 3. d4 cxd4 4. Nxd4 Nf6 5. Nc3 g6 6. Be2 Bg7 7. O-O O-O 8.
Bg5 a6 9. a4 Nc6 10. Nb3 Be6 11. Kh1 Rc8 12. f4 Na5 13. Nxa5 Qxa5 14. Bd3 Rfe8
15. f5 Bd7 16. Qf3 Rxc3 17. bxc3 Qxc3 18. Qe2 Rc8 19. a5 Rc5 20. Bd2 Qe5 21.
Rae1 Rc8 22. Qf2 Bb5 23. Qh4 Qd4 24. Rf3 Rxc2 25. Bxc2 Qxd2 26. Qf2 Qxa5 27. h3
Bc6 28. fxg6 hxg6 29. Bb3 Qe5 30. Bd5 Bh6 31. Bxc6 bxc6 32. Qg3 Qd4 33. e5 Nh5
34. Qg4 Qd2 35. Ref1 dxe5 36. Rxf7 Qd3 37. Qc8+ 1-0

[Event "Ibercaja op"]
[Site "Zaragoza ESP"]
[Date "1994.??.??"]
[Round "4"]
[White "Kolev, Atanas"]
[Black "Spraggett, Kevin"]
[Result "1/2-1/2"]
[WhiteElo "2490"]
[BlackElo "2550"]
[PlyCount "124"]
[EventDate "1994.??.??"]
[EventType "swiss"]
[EventRounds "9"]
[EventCountry "ESP"]

1. d4 Nf6 2. Nf3 e6 3. g3 c5 4. c4 cxd4 5. Nxd4 Qc7 6. b3 a6 7. Bg2 Nc6 8. O-O
Be7 9. Nc3 O-O 10. Bb2 d6 11. Rc1 Nxd4 12. Qxd4 Bd7 13. Rfd1 Rfd8 14. a4 Be8
15. Ba3 Rab8 16. Bb4 b6 17. h3 h6 18. Kh2 Rbc8 19. Rd3 Bc6 20. e4 Qb8 21. Rcd1
Qc7 22. Qe3 Bf8 23. Qf4 Ne8 24. Qd2 Be7 25. Qe3 Bg5 26. f4 Bf6 27. h4 Rd7 28.
Bf3 Rcd8 29. Kg2 a5 30. Ba3 Bxc3 31. Rxc3 Nf6 32. Rcd3 Qb7 33. Rd4 e5 34. Rxd6
Rxd6 35. Rxd6 Rxd6 36. Bxd6 exf4 37. Bxf4 Bxe4 38. Bxe4 Nxe4 39. Qf3 f5 40. Be3
Qc6 41. Qxf5 Nf6+ 42. Qf3 Qd6 43. h5 Qd8 44. g4 Qd3 45. Bxb6 Qc2+ 46. Kg3 Ne4+
47. Kf4 Ng5 48. Qe3 Qh2+ 49. Kf5 Qb8 50. Qc5 Kh7 51. Qc6 Qg3 52. Qg6+ Kg8 53.
Qe8+ Kh7 54. Qe3 Qd6 55. Bd4 Qf8+ 56. Ke5 Qb8+ 57. Kd5 Qb7+ 58. Ke5 Qc7+ 59.
Kd5 Qd7+ 60. Ke5 Qc7+ 61. Kd5 Qd7+ 62. Ke5 Qc7+ 1/2-1/2

[Event "Ibercaja op"]
[Site "Zaragoza ESP"]
[Date "1994.??.??"]
[Round "5"]
[White "Spraggett, Kevin"]
[Black "De la Villa Garcia, Jesus Maria"]
[Result "1/2-1/2"]
[WhiteElo "2550"]
[BlackElo "2470"]
[PlyCount "123"]
[EventDate "1994.??.??"]
[EventType "swiss"]
[EventRounds "9"]
[EventCountry "ESP"]

1. d4 f5 2. Nf3 Nf6 3. Bg5 c6 4. Nbd2 d5 5. e3 e6 6. Bd3 Be7 7. c4 O-O 8. O-O
Ne4 9. Bxe7 Qxe7 10. Qc2 Bd7 11. Rab1 a5 12. a3 Be8 13. Ne5 Nxd2 14. Qxd2 Nd7
15. f4 Nxe5 16. fxe5 Qg5 17. Rf4 Bd7 18. Rbf1 Qe7 19. Rc1 b6 20. Rf2 Rfc8 21.
Qd1 Qg5 22. Qf3 b5 23. cxb5 cxb5 24. Rfc2 b4 25. Rxc8+ Rxc8 26. Rxc8+ Bxc8 27.
axb4 axb4 28. Qf2 Bd7 29. Qd2 h5 30. Be2 Be8 31. Qc1 Kh7 32. Qd2 Kg8 33. Kf1 h4
34. Kf2 h3 35. g3 Bh5 36. Qxb4 Bxe2 37. Kxe2 Qg4+ 38. Kd2 Qf3 39. Qb5 Qg2+ 40.
Qe2 Kf7 41. Kd3 Ke7 42. Qc2 Qf1+ 43. Kc3 Qg1 44. Kb4 Qg2 45. Qc7+ Kf8 46. Qd8+
Kf7 47. Qd7+ Kf8 48. Qd6+ Kf7 49. Qd7+ Kf8 50. Qxe6 Qxh2 51. Qxf5+ Ke7 52. Qg5+
Kf7 53. e6+ Kxe6 54. Qg6+ Ke7 55. Qxg7+ Ke6 56. Qg6+ Ke7 57. Kc5 Qg2 58. Qg7+
Ke6 59. Qg6+ Ke7 60. Qg7+ Ke6 61. Qe5+ Kf7 62. Qh5+ 1/2-1/2

[Event "Platja d'Aro Barcino"]
[Site "Platja d'Aro POR"]
[Date "1994.??.??"]
[Round "?"]
[White "Cifuentes Parada, Roberto"]
[Black "Spraggett, Kevin"]
[Result "1/2-1/2"]
[WhiteElo "2490"]
[BlackElo "2530"]
[PlyCount "29"]
[EventDate "1994.??.??"]
[EventType "tourn"]
[EventRounds "9"]
[EventCountry "POR"]
[EventCategory "10"]

1. d4 c5 2. c3 Qa5 3. e3 d6 4. Bd3 Nf6 5. Nf3 g6 6. O-O Bg7 7. h3 O-O 8. e4 Nc6
9. d5 Nd8 10. c4 e5 11. dxe6 Bxe6 12. Nc3 Nc6 13. Bd2 Qd8 14. Bg5 Qa5 15. Bd2
1/2-1/2

[Event "Platja d'Aro Barcino"]
[Site "Platja d'Aro POR"]
[Date "1994.??.??"]
[Round "?"]
[White "Mellado Trivino, Juan"]
[Black "Spraggett, Kevin"]
[Result "1/2-1/2"]
[WhiteElo "2400"]
[BlackElo "2530"]
[PlyCount "62"]
[EventDate "1994.??.??"]
[EventType "tourn"]
[EventRounds "9"]
[EventCountry "POR"]
[EventCategory "10"]

1. c4 e5 2. Nc3 Nf6 3. Nf3 Nc6 4. d4 exd4 5. Nxd4 Bb4 6. g3 O-O 7. Bg2 Bxc3+ 8.
bxc3 Ne5 9. Qb3 d6 10. Bg5 h6 11. Bxf6 Qxf6 12. O-O Nd7 13. Rad1 Nc5 14. Qa3
Be6 15. Qa5 Bxc4 16. Qxc7 Rfc8 17. Qa5 d5 18. Rd2 b6 19. Qa3 Re8 20. Rfd1 h5
21. Qb4 h4 22. e3 Ne4 23. Rc2 Rac8 24. a4 Rc5 25. f3 Nd6 26. Re1 hxg3 27. hxg3
Ba6 28. e4 dxe4 29. fxe4 Qg6 30. Re3 Qg4 31. Kf2 Nc4 1/2-1/2

[Event "Platja d'Aro Barcino"]
[Site "Platja d'Aro POR"]
[Date "1994.??.??"]
[Round "?"]
[White "Spraggett, Kevin"]
[Black "Vehi Bach, Victor"]
[Result "1-0"]
[WhiteElo "2530"]
[BlackElo "2455"]
[PlyCount "95"]
[EventDate "1994.??.??"]
[EventType "tourn"]
[EventRounds "9"]
[EventCountry "POR"]
[EventCategory "10"]

1. e4 c5 2. Nf3 e6 3. b3 b6 4. c4 Bb7 5. Nc3 d6 6. d4 cxd4 7. Nxd4 Nf6 8. Bd3
Nbd7 9. Qe2 a6 10. O-O g6 11. Rd1 Bg7 12. Bg5 O-O 13. Rac1 h6 14. Bh4 Qc7 15.
Bb1 Rac8 16. Qd2 Rfd8 17. h3 Kh7 18. Bg3 Nc5 19. Qe3 e5 20. Nf3 Qb8 21. Bh4 Ba8
22. Bxf6 Bxf6 23. Nd5 Bxd5 24. Rxd5 Ne6 25. Rcd1 Rc5 26. h4 h5 27. g3 Kg7 28.
R5d2 Nd4 29. Bd3 Qb7 30. Bf1 Rc7 31. Kh2 Kg8 32. Ne1 a5 33. Nc2 Qc6 34. Na3 Bg7
35. Nb5 Rcd7 36. Nc3 Kh7 37. Nd5 Qc5 38. f4 exf4 39. gxf4 Ne6 40. Qg3 Nc7 41.
Bh3 Ne6 42. Bxe6 fxe6 43. Rg2 exd5 44. Qxg6+ Kg8 45. Rxd5 Qe3 46. Qe6+ Rf7 47.
Rf5 Rdf8 48. Rxg7+ 1-0

[Event "Sevilla op"]
[Site "Sevilla ESP"]
[Date "1994.??.??"]
[Round "5"]
[White "Spraggett, Kevin"]
[Black "Vila Dupla, Aurelio"]
[Result "1-0"]
[WhiteElo "2550"]
[BlackElo "2305"]
[PlyCount "79"]
[EventDate "1994.??.??"]
[EventType "swiss"]
[EventRounds "9"]
[EventCountry "ESP"]

1. e4 c5 2. Nf3 d6 3. d4 cxd4 4. Nxd4 Nf6 5. Nc3 g6 6. Be2 Bg7 7. O-O O-O 8.
Re1 Nc6 9. Nb3 a5 10. a3 Be6 11. Bg5 Re8 12. Bb5 Nd7 13. Rb1 Rc8 14. Nd5 Nce5
15. Nd4 Bxd5 16. exd5 Nc4 17. c3 Ncb6 18. Nb3 Ra8 19. Qd2 Nc8 20. Nd4 Rf8 21.
Bh6 Bxh6 22. Qxh6 Nf6 23. Qg5 Kh8 24. Re3 Nb6 25. c4 Rc8 26. b3 Rc7 27. Rbe1
Ng8 28. Nf3 Nd7 29. Qh4 Ngf6 30. Qd4 Kg7 31. Qd2 Rc5 32. Nd4 Qc7 33. h3 Rg8 34.
f4 Kf8 35. Rf3 Qd8 36. f5 Rc7 37. Ref1 Kg7 38. g4 Kf8 39. fxg6 hxg6 40. Qe3 1-0

[Event "Sevilla op"]
[Site "Sevilla ESP"]
[Date "1994.??.??"]
[Round "6"]
[White "Komljenovic, Davor"]
[Black "Spraggett, Kevin"]
[Result "1/2-1/2"]
[WhiteElo "2470"]
[BlackElo "2550"]
[PlyCount "118"]
[EventDate "1994.??.??"]
[EventType "swiss"]
[EventRounds "9"]
[EventCountry "ESP"]

1. d4 Nf6 2. c4 e6 3. Nf3 c5 4. d5 d6 5. Nc3 exd5 6. cxd5 g6 7. g3 Bg7 8. Bg2
O-O 9. O-O a6 10. a4 Nbd7 11. Nd2 Re8 12. h3 Rb8 13. a5 b5 14. axb6 Nxb6 15.
Ra2 Qc7 16. b3 Nfd7 17. Bb2 f5 18. Re1 Rf8 19. f4 Nf6 20. Kh2 c4 21. b4 Bb7 22.
Ra5 Rfe8 23. e3 Re7 24. Qa1 Rbe8 25. Nf1 h5 26. b5 Nbxd5 27. bxa6 Nxc3 28. Bxb7
Nce4 29. Bd4 c3 30. Rb5 Qc4 31. Ra5 Kh7 32. Qa2 Qc7 33. Rc1 Nd7 34. Bxg7 Kxg7
35. Bd5 Ndc5 36. a7 Nd3 37. Rd1 c2 38. Qa1+ Kh6 39. a8=Q cxd1=Q 40. Qxd1 Rxa8
41. Rxa8 Qc3 42. Ra2 Nb4 43. Rg2 Nf6 44. Bf3 d5 45. g4 hxg4 46. hxg4 fxg4 47.
Bxg4 Nd3 48. Be2 Nc5 49. Bf3 Rxe3 50. Nxe3 Qxe3 51. Bxd5 Qxf4+ 52. Kh1 g5 53.
Bf3 Nce4 54. Bxe4 Nxe4 55. Rh2+ Kg6 56. Qh5+ Kf5 57. Qh7+ Ke5 58. Qe7+ Kf5 59.
Qh7+ Ke5 1/2-1/2

[Event "Sevilla op"]
[Site "Sevilla ESP"]
[Date "1994.??.??"]
[Round "8"]
[White "Rodriguez Talavera, Juan Carlos"]
[Black "Spraggett, Kevin"]
[Result "0-1"]
[WhiteElo "2355"]
[BlackElo "2550"]
[PlyCount "56"]
[EventDate "1994.??.??"]
[EventType "swiss"]
[EventRounds "9"]
[EventCountry "ESP"]

1. e4 g6 2. d4 Bg7 3. c3 d6 4. Bg5 Nf6 5. Nd2 O-O 6. Ngf3 Nc6 7. Bc4 e5 8. dxe5
dxe5 9. O-O h6 10. Bh4 Qe8 11. Re1 Kh7 12. Nf1 Bd7 13. Qc2 Nh5 14. Rad1 Rc8 15.
Ne3 f6 16. Nd2 Nd8 17. f3 Ne6 18. Bf1 Nhf4 19. Bf2 b6 20. Ndc4 Qf7 21. Rd2 Ng5
22. Red1 Bc6 23. Kh1 f5 24. Nd5 fxe4 25. fxe4 Nxe4 26. Qxe4 Bxd5 27. Qe1 Bxc4
28. Rd7 Bxf1 0-1

[Event "Sevilla op"]
[Site "Sevilla ESP"]
[Date "1994.??.??"]
[Round "9"]
[White "Spraggett, Kevin"]
[Black "Rivas Pastor, Manuel"]
[Result "1-0"]
[WhiteElo "2550"]
[BlackElo "2505"]
[PlyCount "81"]
[EventDate "1994.??.??"]
[EventType "swiss"]
[EventRounds "9"]
[EventCountry "ESP"]

1. c4 e6 2. Nf3 Nf6 3. g3 d5 4. Bg2 Be7 5. O-O O-O 6. b3 b6 7. Bb2 Bb7 8. e3
Nbd7 9. Nc3 Ne4 10. Ne2 Bf6 11. Qc2 Bxb2 12. Qxb2 Nd6 13. cxd5 exd5 14. d4 a5
15. Nf4 Qe7 16. Rac1 c6 17. Bh3 f5 18. Nd3 Ne4 19. Nde5 Nxe5 20. Nxe5 c5 21.
Rc2 cxd4 22. exd4 Ng5 23. Bg2 f4 24. Rfc1 Qe6 25. Rc7 f3 26. Rxb7 fxg2 27. Rcc7
Kh8 28. Rxg7 Qh6 29. f4 Qh5 30. Kxg2 Qh3+ 31. Kg1 Rxf4 32. gxf4 Qe3+ 33. Kf1
Rc8 34. fxg5 Rc1+ 35. Qxc1 Qxc1+ 36. Kf2 Qd2+ 37. Kg3 Qe1+ 38. Kg4 Qe4+ 39. Kh5
Qe2+ 40. Ng4 Qe8+ 41. Rbf7 1-0

[Event "CAN-op"]
[Site "London CAN"]
[Date "1993.07.10"]
[Round "1"]
[White "Spraggett, Kevin"]
[Black "Coleman, Mike"]
[Result "1-0"]
[WhiteElo "2589"]
[BlackElo "1850"]
[PlyCount "87"]
[EventDate "1993.07.10"]
[EventType "swiss"]
[EventRounds "10"]
[EventCountry "CAN"]

1. d4 Nf6 2. c4 g6 3. Nc3 Bg7 4. e4 d6 5. Be2 O-O 6. Nf3 c5 7. O-O Nc6 8. d5
Nb8 9. Bg5 Nbd7 10. Qd2 b5 11. cxb5 a6 12. Bh6 axb5 13. Bxg7 Kxg7 14. Bxb5 Ba6
15. Bxa6 Rxa6 16. Qc2 Qa8 17. Nd2 Rb8 18. b3 Nb6 19. a4 Rc8 20. Nb5 Kg8 21. Ra3
Ne8 22. Rfa1 Qb7 23. Nc4 Nc7 24. Nc3 Rca8 25. h3 Nd7 26. a5 e6 27. Rd1 e5 28.
Qd2 Kg7 29. Rb1 Nf6 30. f4 exf4 31. Qxf4 Qb4 32. Qg3 Nh5 33. Qf3 Rf8 34. Ra4
Qb8 35. b4 cxb4 36. Raxb4 Qa7+ 37. Rb6 f5 38. Kh2 f4 39. e5 dxe5 40. d6 Rxb6
41. Rxb6 Ne6 42. Rb7+ Qxb7 43. Qxb7+ Kh6 44. Nxe5 1-0

[Event "CAN-op"]
[Site "London CAN"]
[Date "1993.07.11"]
[Round "2"]
[White "Fattali, Simon"]
[Black "Spraggett, Kevin"]
[Result "0-1"]
[WhiteElo "1998"]
[BlackElo "2589"]
[PlyCount "46"]
[EventDate "1993.07.10"]
[EventType "swiss"]
[EventRounds "10"]
[EventCountry "CAN"]

1. e4 c5 2. Nf3 d6 3. d4 cxd4 4. Nxd4 Nf6 5. Nc3 Nc6 6. Bb5 Bd7 7. Nxc6 bxc6 8.
Bc4 e6 9. Bb3 d5 10. e5 Ng8 11. Qg4 Ne7 12. Bg5 Qc7 13. f4 Nf5 14. Qe2 h6 15.
O-O-O hxg5 16. g4 Nh4 17. Rhf1 gxf4 18. Rxf4 g5 19. Rff1 Ng6 20. Rde1 Bg7 21.
Qf2 Nf4 22. Qc5 Qb6 23. Qd6 Bf8 0-1

[Event "CAN-op"]
[Site "London CAN"]
[Date "1993.07.11"]
[Round "3"]
[White "Spraggett, Kevin"]
[Black "Drkulec, Vladimir"]
[Result "1-0"]
[WhiteElo "2589"]
[BlackElo "2100"]
[PlyCount "111"]
[EventDate "1993.07.10"]
[EventType "swiss"]
[EventRounds "10"]
[EventCountry "CAN"]

1. c4 c5 2. g3 Nc6 3. Bg2 g6 4. Nc3 Bg7 5. a3 Nf6 6. Rb1 a5 7. e3 O-O 8. Nge2
d6 9. d3 Bg4 10. h3 Bd7 11. O-O Ne8 12. d4 cxd4 13. exd4 Bf5 14. Ra1 h6 15. Be3
Kh7 16. b3 e5 17. Ra2 Nc7 18. Rd2 Qe7 19. Qc1 Rae8 20. Rfd1 Bc8 21. dxe5 dxe5
22. Nd5 Nxd5 23. cxd5 Nd4 24. Nxd4 exd4 25. Bxd4 Bxd4 26. Rxd4 Qd6 27. b4 axb4
28. axb4 Re2 29. Qc5 Rd8 30. Rc1 Qe5 31. d6 Re1+ 32. Rxe1 Qxe1+ 33. Kh2 Qxf2
34. Rf4 Qxc5 35. bxc5 Kg7 36. Rb4 Rd7 37. Ra4 b6 38. cxb6 Rxd6 39. Rb4 Rd7 40.
b7 Bxb7 41. Rxb7 Kf6 42. Kg1 Rd3 43. Kf2 Rd2+ 44. Kf1 Rd3 45. g4 Ke6 46. Ke2
Ra3 47. Kf2 Ra2+ 48. Kg3 Ra3+ 49. Bf3 Kf6 50. Kf4 Ke6 51. Bd1 Rxh3 52. Bb3+ Kd6
53. Bxf7 h5 54. g5 Rh4+ 55. Kf3 Ra4 56. Bxg6 1-0

[Event "CAN-op"]
[Site "London CAN"]
[Date "1993.07.12"]
[Round "4"]
[White "McTavish, Dale"]
[Black "Spraggett, Kevin"]
[Result "0-1"]
[WhiteElo "2187"]
[BlackElo "2589"]
[PlyCount "140"]
[EventDate "1993.07.10"]
[EventType "swiss"]
[EventRounds "10"]
[EventCountry "CAN"]
[Source "ChessBase"]
[SourceDate "2001.11.25"]

1. e4 c5 2. Nf3 d6 3. d4 cxd4 4. Nxd4 Nf6 5. Nc3 Nc6 6. Bc4 Qb6 7. Nb3 e6 8.
O-O a6 9. Kh1 Qc7 10. Bd3 Be7 11. f4 O-O 12. Be3 b5 13. a3 Bb7 14. Qe2 Rfe8 15.
Rae1 Bf8 16. Bf2 b4 17. axb4 Nxb4 18. Bh4 Nd7 19. Rf3 g6 20. Rh3 Bg7 21. Nd1
Rac8 22. c3 Nxd3 23. Qxd3 Qb6 24. Nd2 Nc5 25. Qg3 f5 26. e5 dxe5 27. fxe5 Nd7
28. Bg5 Qc7 29. Bf4 Red8 30. Bg5 Re8 31. Bf4 Rcd8 32. Bg5 Rb8 33. Qh4 Nf8 34.
Nc4 Qc6 35. Nde3 Ba8 36. b4 Rec8 37. Rd1 Qe4 38. Qxe4 Bxe4 39. Nd6 Bxe5 40.
Nxc8 Rxc8 41. c4 Rb8 42. Be7 Rb7 43. Bc5 Nd7 44. Nf1 Nxc5 45. bxc5 Bf4 46. Ng3
Bxg3 47. Rxg3 Kf7 48. Kg1 Rc7 49. Ra3 Rxc5 50. Rxa6 Rxc4 51. Rd7+ Kf6 52. g4
Rc1+ 53. Kf2 Rc2+ 54. Ke3 Rxh2 55. gxf5 Bxf5 56. Raa7 h5 57. Rg7 h4 58. Rg8 Kg5
59. Ra1 Rh3+ 60. Kf2 e5 61. Rg1+ Kf4 62. Rf8 Rh2+ 63. Kf1 Ke3 64. Ra8 Rb2 65.
Ra1 e4 66. Rh1 g5 67. Ra5 Rb1+ 68. Kg2 h3+ 69. Kg3 Rxh1 70. Rxf5 Ke2 0-1

[Event "CAN-op"]
[Site "London CAN"]
[Date "1993.07.14"]
[Round "6"]
[White "Kiviaho, Robert"]
[Black "Spraggett, Kevin"]
[Result "1/2-1/2"]
[WhiteElo "2308"]
[BlackElo "2589"]
[PlyCount "40"]
[EventDate "1993.07.10"]
[EventType "swiss"]
[EventRounds "10"]
[EventCountry "CAN"]
[Source "ChessBase"]
[SourceDate "2001.11.25"]

1. Nf3 Nf6 2. c4 c5 3. Nc3 e6 4. d4 cxd4 5. Nxd4 a6 6. g3 Qc7 7. Qa4 Nc6 8.
Nxc6 dxc6 9. Bg2 Be7 10. O-O O-O 11. b4 e5 12. b5 Bd7 13. bxc6 Bxc6 14. Bxc6
Qxc6 15. Qxc6 bxc6 16. Rb1 Rfb8 17. Be3 Kf8 18. Rfd1 Ke8 19. h3 Nd7 20. Na4
Rxb1 1/2-1/2

[Event "CAN-op"]
[Site "London CAN"]
[Date "1993.07.15"]
[Round "7"]
[White "Spraggett, Kevin"]
[Black "McTavish, David"]
[Result "1-0"]
[WhiteElo "2589"]
[BlackElo "2302"]
[PlyCount "35"]
[EventDate "1993.07.10"]
[EventType "swiss"]
[EventRounds "10"]
[EventCountry "CAN"]

1. c4 e5 2. g3 Nf6 3. Bg2 c6 4. d4 e4 5. Nc3 d5 6. cxd5 cxd5 7. Bg5 Bb4 8. Qb3
Nc6 9. e3 Bg4 10. Nh3 Bxh3 11. Bxh3 O-O 12. Bxf6 Qxf6 13. Qxd5 Qf3 14. O-O Bxc3
15. bxc3 Rad8 16. Qb5 f5 17. Bg2 Qg4 18. f3 1-0

[Event "CAN-op"]
[Site "London CAN"]
[Date "1993.07.16"]
[Round "8"]
[White "Day, Lawrence"]
[Black "Spraggett, Kevin"]
[Result "0-1"]
[WhiteElo "2449"]
[BlackElo "2589"]
[PlyCount "74"]
[EventDate "1993.07.10"]
[EventType "swiss"]
[EventRounds "10"]
[EventCountry "CAN"]
[Source "ChessBase"]
[SourceDate "1997.11.17"]

1. e4 c5 2. f4 g6 3. Nf3 Bg7 4. Nc3 Nc6 5. a3 d6 6. Bc4 e6 7. O-O Nge7 8. Ba2
O-O 9. d3 Bd7 10. Rb1 Rc8 11. Be3 Nd4 12. Qd2 Nec6 13. Nd1 b6 14. Ne1 Ne7 15.
c3 Ndc6 16. b4 f5 17. Nf3 h6 18. Nf2 Kh7 19. Kh1 Qc7 20. Rg1 Nd8 21. b5 Ra8 22.
a4 a6 23. c4 axb5 24. axb5 e5 25. Bb3 exf4 26. Bxf4 g5 27. Bxg5 hxg5 28. Qxg5
Rf6 29. Qh4+ Kg8 30. d4 Nf7 31. g4 fxe4 32. g5 Rxf3 33. Nxe4 Rh3 34. Nf6+ Kf8
35. Qf4 Ng6 36. Qe4 Rxh2+ 37. Kxh2 d5+ 0-1

[Event "CAN-op"]
[Site "London CAN"]
[Date "1993.07.17"]
[Round "9"]
[White "Spraggett, Kevin"]
[Black "Stone, Raymond"]
[Result "1-0"]
[WhiteElo "2589"]
[BlackElo "2373"]
[PlyCount "79"]
[EventDate "1993.07.10"]
[EventType "swiss"]
[EventRounds "10"]
[EventCountry "CAN"]

1. c4 Nf6 2. Nc3 c5 3. g3 e6 4. Nf3 b6 5. Bg2 Bb7 6. O-O a6 7. b3 d6 8. Bb2 Be7
9. e3 Nbd7 10. d4 Qc7 11. Qe2 O-O 12. Rfd1 Rfe8 13. Rac1 Rac8 14. h3 Qb8 15.
Ne1 cxd4 16. exd4 d5 17. cxd5 exd5 18. Qd3 b5 19. Nf3 Bd6 20. h4 Ne4 21. Ne2
Nb6 22. Ne5 f6 23. Ng4 Rc7 24. Rxc7 Qxc7 25. Ne3 g6 26. Nf1 f5 27. Bc1 Rc8 28.
Bh6 Qc2 29. f3 Qxd3 30. Rxd3 Rc2 31. fxe4 Rxe2 32. exf5 Rxa2 33. fxg6 hxg6 34.
Re3 Kh7 35. Bf4 Bf8 36. Re8 Nd7 37. Bh3 Bg7 38. Re7 Kh8 39. Rxd7 Bxd4+ 40. Be3
1-0

[Event "CAN-op"]
[Site "London CAN"]
[Date "1993.07.18"]
[Round "10"]
[White "Spraggett, Kevin"]
[Black "Kirton, Dale"]
[Result "1/2-1/2"]
[WhiteElo "2589"]
[BlackElo "2260"]
[PlyCount "58"]
[EventDate "1993.07.10"]
[EventType "swiss"]
[EventRounds "10"]
[EventCountry "CAN"]

1. d4 d5 2. c4 e6 3. Nf3 c6 4. Nc3 Nf6 5. e3 Nbd7 6. Qc2 Bd6 7. b3 O-O 8. Bb2
Re8 9. Be2 e5 10. cxd5 cxd5 11. dxe5 Nxe5 12. O-O Bg4 13. Nxe5 Bxe5 14. Bxg4
Nxg4 15. h3 Nf6 16. Rfd1 Qa5 17. Rac1 Rac8 18. Qd3 h6 19. Rd2 Ne4 20. Rdc2 Nxc3
21. Bxc3 Bxc3 22. Rxc3 Rxc3 23. Qxc3 Qxa2 24. Ra1 Qe2 25. Rxa7 Qd1+ 26. Kh2 Qe2
27. Kg1 Qd1+ 28. Kh2 Qe2 29. Rxb7 Qxf2 1/2-1/2

[Event "Seville op"]
[Site "Seville ESP"]
[Date "1993.??.??"]
[Round "1"]
[White "Dominguez, M."]
[Black "Spraggett, Kevin"]
[Result "0-1"]
[WhiteElo "2185"]
[BlackElo "2555"]
[PlyCount "46"]
[EventDate "1993.01.??"]
[EventType "swiss"]
[EventRounds "10"]
[EventCountry "ESP"]

1. Nf3 c5 2. g3 b6 3. Bg2 Bb7 4. O-O Nf6 5. d3 e6 6. e4 d6 7. Nbd2 Nbd7 8. Re1
Be7 9. Nf1 O-O 10. h4 Qc7 11. Ne3 b5 12. g4 Rfd8 13. g5 Ne8 14. Ng4 Nf8 15. h5
a5 16. Nh4 e5 17. Nf5 Ne6 18. Nxe7+ Qxe7 19. h6 g6 20. f4 exf4 21. e5 Bxg2 22.
Kxg2 Qxg5 23. exd6 Nf6 0-1

[Event "Seville op"]
[Site "Seville ESP"]
[Date "1993.??.??"]
[Round "3"]
[White "Vila Dupla, Aurelio"]
[Black "Spraggett, Kevin"]
[Result "0-1"]
[WhiteElo "2310"]
[BlackElo "2565"]
[PlyCount "104"]
[EventDate "1993.01.??"]
[EventType "swiss"]
[EventRounds "10"]
[EventCountry "ESP"]

1. c4 e5 2. Nc3 Nc6 3. Nf3 Nf6 4. g3 Bc5 5. Bg2 d6 6. O-O a6 7. d3 h6 8. Nd5
O-O 9. h3 Ba7 10. Bd2 Nxd5 11. cxd5 Ne7 12. Qb3 c6 13. dxc6 bxc6 14. Qa4 Be6
15. Kh2 Qd7 16. Rac1 Rfc8 17. b3 Rab8 18. Bb4 Nd5 19. Ba3 Nb6 20. Qa5 c5 21.
Nd2 Qb5 22. Qc3 Nd5 23. Bxd5 Bxd5 24. Nc4 Qd7 25. e4 Be6 26. g4 f6 27. Ne3 Re8
28. Qd2 Bb6 29. Bb2 d5 30. Rfd1 Red8 31. Qe2 a5 32. Qf3 d4 33. Nc4 a4 34. Nxb6
Rxb6 35. Rxc5 axb3 36. axb3 Rxb3 37. Qe2 Rdb8 38. Bc1 Rc3 39. Rxc3 dxc3 40. Be3
Rb2 41. Qf1 Bb3 42. Rc1 Bc2 43. d4 Qc7 44. d5 Bxe4 45. d6 Qc6 46. Ra1 c2 47.
Ra6 Qd5 48. d7 Rb1 49. d8=Q+ Qxd8 50. Qc4+ Bd5 51. Qxc2 Rh1+ 52. Kg3 Rg1+ 0-1

[Event "Seville op"]
[Site "Seville ESP"]
[Date "1993.??.??"]
[Round "4"]
[White "Spraggett, Kevin"]
[Black "Eslon, Jaan"]
[Result "0-1"]
[WhiteElo "2565"]
[BlackElo "2430"]
[PlyCount "72"]
[EventDate "1993.01.??"]
[EventType "swiss"]
[EventRounds "10"]
[EventCountry "ESP"]

1. c4 Nf6 2. Nc3 e5 3. Nf3 Nc6 4. d3 Bb4 5. Bd2 O-O 6. e3 Re8 7. Be2 Bf8 8. O-O
d6 9. Rc1 g6 10. Nd5 Bg7 11. Nxf6+ Qxf6 12. Bc3 Qe7 13. Re1 a5 14. b3 Bf5 15.
a3 g5 16. Nd2 Bg6 17. Qc2 f5 18. Qb2 h5 19. b4 axb4 20. axb4 g4 21. Ra1 Rxa1
22. Qxa1 f4 23. b5 fxe3 24. fxe3 Nd8 25. Nb3 b6 26. Qa8 Ne6 27. Qd5 Kh7 28. Bd2
e4 29. d4 Ng5 30. Rf1 Bh6 31. Rf2 Rg8 32. Kh1 Nf3 33. gxf3 exf3 34. Bf1 Qh4 35.
Kg1 g3 36. hxg3 Qxg3+ 0-1

[Event "Seville op"]
[Site "Seville ESP"]
[Date "1993.??.??"]
[Round "5"]
[White "Polihroniade, Elisabeta"]
[Black "Spraggett, Kevin"]
[Result "0-1"]
[WhiteElo "2215"]
[BlackElo "2565"]
[PlyCount "78"]
[EventDate "1993.01.??"]
[EventType "swiss"]
[EventRounds "10"]
[EventCountry "ESP"]

1. e4 c5 2. Nf3 e6 3. d3 Nc6 4. g3 d5 5. Nbd2 Bd6 6. Bg2 Nge7 7. O-O O-O 8. Re1
f6 9. Nf1 Bd7 10. c3 d4 11. c4 Qc7 12. Nh4 g5 13. Nf3 Ng6 14. h3 Kg7 15. N3h2
h6 16. Bf3 Rae8 17. Bh5 f5 18. Bf3 f4 19. g4 Nce5 20. Be2 b5 21. b3 bxc4 22.
bxc4 Qa5 23. Bd2 Qa6 24. f3 h5 25. Qc2 hxg4 26. hxg4 Rh8 27. Reb1 Rh3 28. Qb3
Bc6 29. Rb2 Reh8 30. Rab1 Kf6 31. Be1 R8h7 32. Bd1 Nh4 33. Kf2 Qc8 34. Qa3 Qh8
35. Ba5 Ng2 36. Kxg2 Rxh2+ 37. Kg1 Rh1+ 38. Kf2 R7h2+ 39. Ke1 Qh4+ 0-1